| 000 | 00427nam a22001697a 4500 | ||
|---|---|---|---|
| 003 | mut | ||
| 005 | 20240606081248.0 | ||
| 008 | 171013b xxu||||| |||| 00| 0 eng d | ||
| 020 | _a0070890579 | ||
| 040 | _cmut | ||
| 050 |
_aHF 5691 _b.J47 2003 |
||
| 100 | _aJerome, Ernest F. | ||
| 245 | _aBusiness Mathematics in Canada | ||
| 250 | _a4th Canadian ed. | ||
| 260 |
_aToronto, _bMcGraw-Hill Ryerson, _cc2003 |
||
| 942 |
_2lcc _cBK |
||
| 999 |
_c13355 _d13355 |
||